00894nam a22001815i 4500001000700000003000900007005001700016008004100033100003100074245019300105260008500298300002100383650002900404650002400433852009400457999001900551952014200570167231ES-MaACL20230906213500.0000104s1854 sp |||| | spa d1 aVerdú, Gregorio.913363610aNuevas minas de guerra y su aplicación a la defensa como consecuencia de un reciente descubrimiento para emplear la electricidad en la voladura de los hornillos / cpor Gregorio Verdú. aMadrid : b[s.n.], c1854 (fAguado, imp. de Cámara de S.M. y de su Real Casa) a79 p. ; c26 cm. 4aMinas militares.9136499 4aExplosivos.91360784 aES-MaACLjT-45-F-2 z- Enc. hol., falto de cub. original z- Enc. en un vol. facticio c167231d167231 001040708Colección_de_folletosaATENEOMbATENEOMcDEPOFd2008-01-17l0oT-45-F-2p1175430r2023-02-23 00:00:00w2023-02-23yFOLLETOS